Fundamentos de calefacción, ventilación y acondicionamiento de aire
Salvato in:
| Autore principale: | |
|---|---|
| Natura: | Libro |
| Lingua: | spagnolo |
| Pubblicazione: |
Ciudad de México
McGraw-Hill
1988
|
| Soggetti: | |
| Tags: |
Aggiungi Tag
Nessun Tag, puoi essere il primo ad aggiungerne!!
|
MARC
| LEADER | 00000nam a2200000 a 4500 | ||
|---|---|---|---|
| 001 | UCW2211 | ||
| 003 | CL-VaPUC | ||
| 008 | 930414e19880000MX |||||||||||||||||spa|d | ||
| 082 | 0 | 4 | |a 697 |b HAV |2 21 |
| 100 | 0 | |a Havrella, Raymond A |e author |9 306167 | |
| 245 | 1 | 0 | |a Fundamentos de calefacción, ventilación y acondicionamiento de aire |
| 300 | |a 317 p | ||
| 942 | |c BK | ||
| 945 | |d 19930414 00:00:00 | ||
| 260 | |a Ciudad de México |b McGraw-Hill |c 1988 | ||
| 650 | 7 | |a CALEFACCION |2 CL-VaPUC |9 306168 | |
| 650 | 0 | |a Ventilación |9 267243 | |
| 650 | 0 | |a Aire acondicionado |9 259344 | |
| 583 | |a last modification |c 19930414 00:00:00 |k Rodrigo Vera | ||
| 999 | |c 216811 |d 216809 | ||